| 000 | 00485nam a2200169Ia 4500 | ||
|---|---|---|---|
| 003 | LK-CoDNM | ||
| 008 | 010623t1918 xxu||||| |||| 00| 1 eng d | ||
| 040 |
_aLK-CoDNM _dLK-CoDNM _eLK-CoDNM |
||
| 041 | _aeng | ||
| 080 | _a22 M.35 | ||
| 100 | _aGum, Battiscombe | ||
| 245 | _aThe Instruction of Ptah Hotep and the Instruction of Ke'gemni : The Oldest Books in the World | ||
| 260 |
_bJohn Murray _aLondon _c1918 |
||
| 300 | _b73p., 16 cm | ||
| 500 | _aWisdom of the east | ||
| 942 | _cBK | ||
| 999 |
_c89431 _d89431 |
||